000 00316nam a22001217a 4500
020 _a81-219-1623-2
082 _a540
_bJAI/C
100 _aDr.S.K.JAIN, Dr.SHAILESH K.JAIN
245 _aCONCEPTUAL CHEMISTRY
_bFOR CLASS XII
260 _aDELHI
_bS.CHAND & CO
_c2014
650 _aCHEMISTRY FOR CLASS XII
_zINDIA
942 _cBK
999 _c713
_d713